00833nam a2200217Ia 4500008004100000020001800041082001300059100003700072245009900109250002200208300002800230500002700258650011200285700002900397264005100426336002700477337003300504338002800537040003500565999001500600161108s9999 xx 000 0 und d a9789587723694 a512 S11a aSabogal Sánchez, Carlos Arturo aÁlgebra y programación lineal /c Carlos Arturo Sabogal Sánchez, Esperanza Ardila Romero aSegunda edición a525 páginas ;c 24 cm aIncluye bibliografía aAlgebra - Problemas, Ejercicios, Etc. / Matrices (Matematicas) / Teoria De Los Juegos / Programacion Lineal aArdila Romero, Esperanza aBogotá :b Universidad Externado de Colombia atextobtxt2rdacontent asin mediaciónbn2rdamedia avolumenbnc2rdacarrier aCO-BoRNBPbspaerdacCO-BoRNBP c7459d7459